000 00496nam a2200181Ia 4500
008 190717s9999 xx 000 0 und d
100 _aSantos, Malaya
245 4 _aThe Age of information/
245 _cMalaya Santos
260 _bFAME Inc.
260 _c2018
300 _aPages 10-11, July 2018
440 _aHealth and Lifestyle: Battling The Bulge
_v12/30/1899 5:07:00 PM
650 _aDigitization
650 _aInformatics
650 _aTechnology
650 _aTelecommunications
999 _c361976
_d361976